Colors by Synonym II Quiz Stats

 Plays Quiz Updated Aug 22, 2017

Also try: Colors by Synonym
Challenge
Share
Tweet
Embed
Score 0/20 Timer 04:00
4 Plays Today
Question Answer Wrong Answers
Chocolate Brown
97.6%
Purple
0.2%
Pink
0.1%
Gray
0.1%
Silvery Gray
97.4%
Purple
0.2%
Pink
0.2%
Brown
0.1%
Chestnut Brown
97.1%
Purple
0.3%
Pink
0.2%
Gray
0.3%
Violet Purple
97.1%
Pink
0.8%
Brown
0.1%
Gray
0%
Rose Pink
97.1%
Purple
0.7%
Brown
0.1%
Gray
0%
Salmon Pink
96.6%
Purple
0.4%
Brown
0.4%
Gray
0.6%
Bronze Brown
96.1%
Purple
0.2%
Pink
0.3%
Gray
1.4%
Blush Pink
95.6%
Purple
1.4%
Brown
0.5%
Gray
0.4%
Plum Purple
95.3%
Pink
2%
Brown
0.5%
Gray
0.3%
Clouded Gray
94.4%
Purple
0.8%
Pink
1.7%
Brown
1%
Lavender Purple
93.6%
Pink
4.1%
Brown
0.2%
Gray
0.1%
Lead Gray
93.1%
Purple
0.5%
Pink
0.4%
Brown
3.9%
Coral Pink
91.5%
Purple
3.2%
Brown
1.3%
Gray
1.9%
Flush Pink
88.1%
Purple
3.5%
Brown
2.3%
Gray
3.9%
Iron Gray
85%
Purple
0.3%
Pink
0.4%
Brown
12.5%
Amber Brown
82.9%
Purple
5%
Pink
9%
Gray
1%
Amethyst Purple
81%
Pink
10.5%
Brown
4.1%
Gray
2.4%
Mauve Purple
61%
Pink
25.6%
Brown
9.2%
Gray
2.2%
Bister Brown
39.2%
Purple
12.6%
Pink
21.1%
Gray
24.7%
Cinereous Gray
29.5%
Purple
14.6%
Pink
25.4%
Brown
28.1%

You're not logged in!

Compare scores with friends on all Sporcle quizzes.
OR
Log In

You Might Also Like...

Show Comments

Extras

Top Quizzes Today


Score Distribution

Your Account Isn't Verified!

In order to create a playlist on Sporcle, you need to verify the email address you used during registration. Go to your Sporcle Settings to finish the process.

Report this User

Report this user for behavior that violates our Community Guidelines.

Details: